Sagrada Biblia / (Record no. 33147)

MARC details
000 -LEADER
campo de control de longitud fija 00713nam a2200205 i 4500
001 - NÚMERO DE CONTROL
campo de control 33147
003 - IDENTIFICADOR DE NÚMERO DE CONTROL
campo de control ES-MaACL
005 - FECHA Y HORA DE LA ÚLTIMA TRANSACCIÓN
campo de control 20250819002057.0
007 - CAMPO FIJO DE DESCRIPCIÓN FÍSICA--INFORMACIÓN GENERAL
campo de control de longitud fija t|
008 - DATOS DE LONGITUD FIJA--INFORMACIÓN GENERAL
campo de control de longitud fija 030201s1956 sp ||||1| spa d
130 0# - ENTRADA PRINCIPAL--TÍTULO UNIFORME
Título uniforme Biblia.
Lenguaje de la obra Español
9 (RLIN) 119282
245 10 - MENCIÓN DEL TÍTULO
Título Sagrada Biblia /
Mención de responsabilidad, etc. traducida de la Vulgata latina teniendo a la vista los textos originales por José Miguel Petisco ; dispuesta y publicada por Félix Torres Amat.
250 ## - MENCION DE EDICION
Mención de edición 6ª ed.
260 ## - PUBLICACIÓN, DISTRIBUCIÓN, ETC.
Lugar de publicación, distribución, etc. Madrid :
Nombre del editor, distribuidor, etc. Apostolado de la Prensa,
Fecha de publicación, distribución, etc. 1956 (
Fabricante Aldus)
300 ## - DESCRIPCIÓN FÍSICA
Extensión XV, 1518 p. ;
Dimensiones 19 cm.
700 1# - ENTRADA AGREGADA--NOMBRE PERSONAL
Nombre de persona Petisco, José Miguel.
9 (RLIN) 91495
700 1# - ENTRADA AGREGADA--NOMBRE PERSONAL
Nombre de persona Torres Amat, Félix.
9 (RLIN) 110925
852 ## - LOCALIZACIÓN
Ubicación ES-MaACL
Número de control de estantería C-11032
Sublocalización o colección R.39218
Holdings
Estatus retirado Estado de pérdida Estado de daño No para préstamo Biblioteca de origen Biblioteca actual Ubicación en estantería Fecha de adquisición Fuente de adquisición Total de préstamos Signatura topográfica completa Código de barras Visto por última vez Precio de reemplazo Tipo de ítem Koha
        Biblioteca del Ateneo de Madrid Biblioteca del Ateneo de Madrid Sala Palomar 17/01/2008     C-11032 1034455 23/02/2023 23/02/2023 Libro impreso